000 00731nam a2200217 a 4500
001 000093305
003 AM-YEHGA
005 20250617122056.0
008 990211s1960 ru ||||| |||| 00| 0 rus d
040 _aAM-YeHGA
041 0 _arus
100 1 _aПарнас, Яков Оскарович
245 1 0 _aИзбранные труды /
_cЯ. О. Парнас ; Отв. ред. Б. Н. Степаненко ; АН СССР.
260 _aМосква :
_bИзд-во АН СССР,
_c1960.
300 _a492 с. :
_bил.
650 1 4 _aБиохимия
700 1 _aСтепаненко, Борис Николаевич
_eред.
_4edt
710 2 _aАкадемия наук СССР
942 _2udc
_cBK
090 _c30040
999 _c29621
_d29621